000 00658nam a2200241Ia 4500
003 OSt
005 20221007082006.0
006 a|||||r|||| 00| 0
007 ta
008 221006b |||||||| |||| 00| 0 eng d
020 _a9024750229
024 _a18,485
037 _cTextual
040 _aFLL
_cFLL
_beng
041 _2eng
_aeng
082 _aZ1,215, L0
100 _aGlassner Martin Ira
_9244543
245 0 _aAccess to the sea for developing land-locked states
260 _aThe Hague
_bMartinus Nijhoff The
_c1970
300 _a298p
_ccm.
942 _hZ1,215, L0
_cTEXL
_2CC
999 _c1164974
_d1164974